[Event "P-5014"]
[Site "IECC email"]
[Date "2016.11.14"]
[Round "?"]
[White "Maggiora, Aldo"]
[Black "Domingues, Marcos"]
[Result "0-1"]
[WhiteElo "1575"]
[BlackElo "1590"]
[PlyCount "26"]
[EventDate "2016.??.??"]
[EventType "tourn (corr)"]
[SourceTitle "Corr 2020"]
[Source "ChessBase"]
[SourceDate "2019.09.30"]
[SourceVersion "1"]
[SourceVersionDate "2019.09.30"]
[SourceQuality "1"]
[WhiteTeam "Italy"]
[BlackTeam "Brazil"]
[WhiteTeamCountry "ITA"]
[BlackTeamCountry "BRA"]

1. e4 c5 2. c3 Nf6 3. e5 Nd5 4. d4 cxd4 5. Bc4 Qc7 6. Qe2 Nb6 7. Bb3 d3 8. Qxd3 Qxe5+ 9. Be3 e6 10. Nf3 Qh5 11. Nbd2 Nc6 12. 0-0-0 Na5 13. Bc2 Qd5 0-1

[Event "IECC CL4-2016.02 email"]
[Site "IECC email"]
[Date "2016.10.11"]
[Round "?"]
[White "Maggiora, Aldo"]
[Black "Laudati, Lelio"]
[Result "0-1"]
[WhiteElo "1610"]
[BlackElo "1804"]
[PlyCount "52"]
[EventDate "2016.??.??"]
[EventType "tourn (corr)"]
[EventRounds "4"]
[SourceTitle "Corr 2020"]
[Source "ChessBase"]
[SourceDate "2019.09.30"]
[SourceVersion "1"]
[SourceVersionDate "2019.09.30"]
[SourceQuality "1"]
[WhiteTeam "Italy"]
[BlackTeam "Italy"]
[WhiteTeamCountry "ITA"]
[BlackTeamCountry "ITA"]

1. e4 e6 2. d4 d5 3. Nc3 Nf6 4. e5 Nfd7 5. Be3 c5 6. Nf3 Nc6 7. Bb5 cxd4 8. Nxd4 Ndxe5 9. f4 a6 10. Ba4 Nc4 11. Nxc6 bxc6 12. Bxc6+ Bd7 13. Bxd7+ Qxd7 14. Bd4 Nxb2 15. Qd2 Nc4 16. Qe2 Qc6 17. Nd1 Na3 18. c3 Bc5 19. Bxg7 Rg8 20. Be5 d4 21. cxd4 Rxg2 22. Nf2 Be7 23. d5 Qxd5 24. Rd1 Qc6 25. Rd3 Nc2+ 26. Kd1 Bb4 0-1

[Event "IECC CL4-2014.07 email"]
[Site "IECC email"]
[Date "2014.12.24"]
[Round "?"]
[White "Keiper, Archie"]
[Black "Maggiora, Aldo"]
[Result "1-0"]
[WhiteElo "1767"]
[BlackElo "1636"]
[PlyCount "69"]
[EventDate "2014.??.??"]
[EventType "tourn (corr)"]
[EventRounds "4"]
[SourceTitle "Corr 2020"]
[Source "ChessBase"]
[SourceDate "2019.09.30"]
[SourceVersion "1"]
[SourceVersionDate "2019.09.30"]
[SourceQuality "1"]
[WhiteTeam "United States"]
[BlackTeam "Italy"]
[WhiteTeamCountry "USA"]
[BlackTeamCountry "ITA"]

1. e4 d6 2. d4 Nf6 3. Nc3 g6 4. Bc4 Nc6 5. Nf3 Bg7 6. d5 Na5 7. Be2 0-0 8. b4 Nxd5 9. exd5 Bxc3+ 10. Bd2 Bxa1 11. Qxa1 Re8 12. bxa5 e6 13. Bg5 f6 14. Bxf6 Qd7 15. Qd4 exd5 16. Qxd5+ Qe6 17. c4 b6 18. Qxe6+ Rxe6 19. Bd4 c5 20. Be3 bxa5 21. Ng5 Re8 22. Bf3 Rb8 23. Bd5+ Kg7 24. 0-0 Bb7 25. Ne6+ Kg8 26. Nc7+ Bxd5 27. Nxe8 Bxc4 28. Rc1 Rxe8 29. Rxc4 Rb8 30. f3 Rb4 31. Rc2 Kf7 32. Kf2 Ke6 33. Bd2 Ra4 34. g3 Kd7 35. g4 1-0

[Event "P-4841"]
[Site "IECC email"]
[Date "2013.06.01"]
[Round "?"]
[White "Green, Des John"]
[Black "Maggiora, Aldo"]
[Result "0-1"]
[WhiteElo "1522"]
[BlackElo "1606"]
[PlyCount "52"]
[EventDate "2013.??.??"]
[EventType "tourn (corr)"]
[SourceTitle "Telechess CBM 165"]
[Source "ChessBase"]
[SourceDate "2015.03.11"]
[SourceVersion "1"]
[SourceVersionDate "2015.03.11"]
[SourceQuality "1"]
[WhiteTeam "England"]
[BlackTeam "Italy"]
[WhiteTeamCountry "ENG"]
[BlackTeamCountry "ITA"]

1. e4 e6 2. d4 d5 3. e5 c5 4. c3 Nc6 5. Nf3 cxd4 6. cxd4 Nge7 7. Bd3 Nf5 8. Be3 Be7 9. 0-0 0-0 10. Nc3 a6 11. a3 f6 12. exf6 Bxf6 13. Bxf5 exf5 14. a4 g5 15. Qb3 f4 16. Bd2 g4 17. Ne5 Nxd4 18. Qxd5+ Qxd5 19. Nxd5 Ne2+ 20. Kh1 Bxe5 21. Ne7+ Kf7 22. Rae1 f3 23. Bg5 Be6 24. Rb1 Bd6 25. Bh6 Rfe8 26. Bg5 Bxe7 0-1

[Event "IECC Swiss-553.4"]
[Site "IECC email"]
[Date "2012.02.28"]
[Round "?"]
[White "Salazar Moran, Alejandro Fortunato"]
[Black "Maggiora, Aldo"]
[Result "1-0"]
[WhiteElo "1842"]
[BlackElo "1632"]
[PlyCount "65"]
[EventDate "2012.??.??"]
[EventType "swiss (corr)"]
[EventRounds "1"]
[SourceTitle "Telechess CBM 165"]
[Source "ChessBase"]
[SourceDate "2015.03.11"]
[SourceVersion "1"]
[SourceVersionDate "2015.03.11"]
[SourceQuality "1"]
[WhiteTeam "Ecuador"]
[BlackTeam "Italy"]
[WhiteTeamCountry "ECU"]
[BlackTeamCountry "ITA"]

1. e4 e6 2. d4 d5 3. Nc3 Bb4 4. e5 c5 5. a3 cxd4 6. axb4 dxc3 7. Qg4 g6 8. Nf3 cxb2 9. Bxb2 Nh6 10. Qf4 Nf5 11. Bd3 Na6 12. g4 Ne7 13. Ng5 0-0 14. Bxa6 bxa6 15. Ra3 h6 16. Rh3 Nf5 17. Nf3 g5 18. Qd2 Ne7 19. Rxh6 Ng6 20. Nxg5 Qe7 21. Nh7 Nh4 22. Kd1 Nf3 23. Qf4 f5 24. Nf6+ Rxf6 25. exf6 Qf8 26. gxf5 exf5 27. Qg3+ Kf7 28. Rh7+ Ke8 29. Re1+ Nxe1 30. Qe5+ Kd8 31. Qc7+ Ke8 32. Re7+ Qxe7 33. Qxe7# 1-0

[Event "IECC Swiss-557.2"]
[Site "IECC email"]
[Date "2011.12.12"]
[Round "?"]
[White "Jordaan, Wayne"]
[Black "Maggiora, Aldo"]
[Result "1-0"]
[WhiteElo "1798"]
[BlackElo "1625"]
[PlyCount "97"]
[EventDate "2011.??.??"]
[EventType "swiss (corr)"]
[EventRounds "1"]
[SourceTitle "Telechess CBM 165"]
[Source "ChessBase"]
[SourceDate "2015.03.11"]
[SourceVersion "1"]
[SourceVersionDate "2015.03.11"]
[SourceQuality "1"]
[WhiteTeam "South Africa"]
[BlackTeam "Italy"]
[WhiteTeamCountry "RSA"]
[BlackTeamCountry "ITA"]

1. d4 Nf6 2. c4 e6 3. Nc3 Bb4 4. Qc2 0-0 5. a3 Bxc3+ 6. Qxc3 d6 7. Bg5 c5 8. dxc5 dxc5 9. e3 b6 10. Nf3 Bb7 11. Bd3 Bxf3 12. gxf3 Nc6 13. Rg1 Kh8 14. Be4 h6 15. Bxf6 Qxf6 16. Qxf6 gxf6 17. Bxc6 Rad8 18. Rd1 Rxd1+ 19. Kxd1 Rg8 20. Rg3 Rc8 21. Ba4 f5 22. Kd2 Kh7 23. Kc3 a5 24. Bc2 Rd8 25. f4 Rd7 26. Rg1 Rd8 27. Rd1 Rb8 28. Rd7 Kg6 29. Bd1 Re8 30. Rb7 Rd8 31. Ba4 Rd6 32. Be8 Kg7 33. Bxf7 Kf6 34. Bh5 e5 35. fxe5+ Kxe5 36. f4+ Ke6 37. Rh7 Rd8 38. Rxh6+ Ke7 39. Rxb6 Rh8 40. Bg6 Rh3 41. Kd3 Rxh2 42. Bxf5 Rf2 43. b3 Ra2 44. a4 Rb2 45. Ke4 Re2 46. Ra6 Rb2 47. Rxa5 Rxb3 48. Rxc5 Ra3 49. a5 1-0

[Event "IECC KO-5080"]
[Site "IECC email"]
[Date "2011.11.01"]
[Round "?"]
[White "Blackman, Leon"]
[Black "Maggiora, Aldo"]
[Result "1-0"]
[WhiteElo "1804"]
[BlackElo "1613"]
[PlyCount "69"]
[EventDate "2011.??.??"]
[EventType "match (corr)"]
[EventRounds "2"]
[SourceTitle "Telechess CBM 165"]
[Source "ChessBase"]
[SourceDate "2015.03.11"]
[SourceVersion "1"]
[SourceVersionDate "2015.03.11"]
[SourceQuality "1"]
[WhiteTeam "Australia"]
[BlackTeam "Italy"]
[WhiteTeamCountry "AUS"]
[BlackTeamCountry "ITA"]

1. c4 e5 2. g3 Nf6 3. Bg2 c6 4. d4 exd4 5. Qxd4 Be7 6. Nc3 0-0 7. e4 Na6 8. Nge2 Bc5 9. Qd2 Ng4 10. 0-0 d6 11. Nf4 Ne5 12. b3 Bg4 13. Na4 Bb4 14. Qe3 Qf6 15. Rb1 Nc5 16. a3 Ba5 17. Nxc5 Bb6 18. b4 Qe7 19. h3 Bc8 20. Qb3 dxc5 21. Bb2 Bc7 22. Rfd1 f6 23. bxc5 Qxc5 24. Rbc1 Rd8 25. Rxd8+ Bxd8 26. Bd4 Qxd4 27. c5+ Kf8 28. Rd1 Qxc5 29. Rxd8+ Ke7 30. Qg8 Nd7 31. Ne6 Qh5 32. Nxg7 Qc5 33. Nf5+ Qxf5 34. exf5 Nb6 35. Qf8# 1-0

[Event "IECC O-3350"]
[Site "IECC email"]
[Date "2011.07.11"]
[Round "?"]
[White "Maggiora, Aldo"]
[Black "Gorin, Anton Valerievich"]
[Result "1/2-1/2"]
[WhiteElo "1655"]
[BlackElo "1595"]
[PlyCount "68"]
[EventDate "2011.??.??"]
[EventType "swiss (corr)"]
[EventRounds "2"]
[SourceTitle "Telechess CBM 149"]
[Source "ChessBase"]
[SourceDate "2012.07.17"]
[SourceVersion "1"]
[SourceVersionDate "2012.07.17"]
[SourceQuality "1"]
[WhiteTeam "Italy"]
[BlackTeam "Russia"]
[WhiteTeamCountry "ITA"]
[BlackTeamCountry "RUS"]

1. e4 c5 2. c3 d5 3. exd5 Qxd5 4. d4 Nf6 5. Nf3 Bg4 6. Be2 e6 7. 0-0 Nc6 8. Be3 cxd4 9. cxd4 Be7 10. Nc3 Qd6 11. Ne5 Bxe2 12. Qxe2 0-0 13. Nb5 Qb8 14. Rac1 Nxe5 15. Bf4 a6 16. Bxe5 Qd8 17. Nc7 Rc8 18. Qf3 Nd5 19. Nxd5 Qxd5 20. Qxd5 exd5 21. Rfd1 Rc4 22. Rxc4 dxc4 23. d5 Rd8 24. d6 f6 25. Bf4 Kf7 26. h3 Bf8 27. b3 cxb3 28. axb3 Ke6 29. Kf1 Bxd6 30. Re1+ Kf7 31. Rd1 Be7 32. Rc1 Bb4 33. Rc7+ Kg6 34. Rxb7 a5 1/2-1/2

[Event "IECC CL4-2011.05 email"]
[Site "IECC email"]
[Date "2011.07.01"]
[Round "?"]
[White "Maggiora, Aldo"]
[Black "Martins, Karin"]
[Result "0-1"]
[WhiteElo "1643"]
[BlackElo "1770"]
[PlyCount "114"]
[EventDate "2011.??.??"]
[EventType "tourn (corr)"]
[EventRounds "4"]
[SourceTitle "Telechess CBM 165"]
[Source "ChessBase"]
[SourceDate "2015.03.11"]
[SourceVersion "1"]
[SourceVersionDate "2015.03.11"]
[SourceQuality "1"]
[WhiteTeam "Italy"]
[BlackTeam "Germany"]
[WhiteTeamCountry "ITA"]
[BlackTeamCountry "GER"]

1. e4 e5 2. Nf3 Nc6 3. d4 exd4 4. Bc4 Nf6 5. 0-0 Nxe4 6. Re1 d5 7. Bxd5 Qxd5 8. Nc3 Qh5 9. Nxe4 Be6 10. Bg5 Bb4 11. Nxd4 Qxd1 12. Rexd1 Nxd4 13. Rxd4 Be7 14. Re1 Rd8 15. Ra4 a6 16. Bxe7 Kxe7 17. Rb4 b6 18. Ng5 Rd2 19. Rf4 Kd7 20. Nxf7 Re8 21. Ne5+ Kd8 22. Nc6+ Kd7 23. Rd4+ Rxd4 24. Nxd4 Bxa2 25. Rxe8 Kxe8 26. Nf5 Kf7 27. Kf1 a5 28. Ke2 Be6 29. Ng3 a4 30. Ke3 b5 31. c3 Ke7 32. Kd4 Kd6 33. Ne4+ Kc6 34. Ke5 Bc4 35. Ng3 Bd3 36. Nh5 Kc5 37. Nxg7 Kc4 38. Ne6 Kb3 39. Nc5+ Kxb2 40. Nxd3+ Kxc3 41. Nc1 b4 42. f4 b3 43. f5 b2 44. Ne2+ Kc4 45. Nd4 b1Q 46. Nf3 Qb5+ 47. Ke4 a3 48. Ne5+ Kc3 49. Nf3 Qb4+ 50. Ke3 a2 51. Ng5 a1Q 52. Ne4+ Kc2 53. Kf4 Qf1+ 54. Kg5 Qxg2+ 55. Ng3 Qgd2+ 56. Kf6 Qf8+ 57. Ke5 Qe7# 0-1

[Event "IECC O-3340"]
[Site "IECC email"]
[Date "2011.06.10"]
[Round "?"]
[White "Laramore, Victor"]
[Black "Maggiora, Aldo"]
[Result "1/2-1/2"]
[WhiteElo "1735"]
[BlackElo "1664"]
[PlyCount "79"]
[EventDate "2011.??.??"]
[EventType "swiss (corr)"]
[EventRounds "2"]
[SourceTitle "Telechess CBM 145"]
[Source "Chessbase"]
[SourceDate "2011.11.11"]
[SourceVersion "1"]
[SourceVersionDate "2011.11.11"]
[SourceQuality "1"]
[WhiteTeam "US of America"]
[BlackTeam "Italy"]
[WhiteTeamCountry "USA"]
[BlackTeamCountry "ITA"]

1. e4 e6 2. d4 d5 3. Nc3 Bb4 4. e5 c5 5. a3 Bxc3+ 6. bxc3 Ne7 7. Qg4 0-0 8. Bd3 c4 9. Bh6 Ng6 10. Bxg6 fxg6 11. Be3 Nc6 12. Ne2 b6 13. 0-0 Qd7 14. Rab1 Rf5 15. Bg5 Ba6 16. f3 Raf8 17. Kh1 Bb7 18. Rb2 Ne7 19. a4 Bc6 20. Ra1 h6 21. Be3 Bxa4 22. Nf4 b5 23. Nxg6 Nxg6 24. Qxg6 Qe8 25. Qg3 Kh7 26. Qf2 a5 27. Rba2 g5 28. Qg3 Qh5 29. Rb1 R5f7 30. Qe1 Rg8 31. Qg3 g4 32. f4 Qg6 33. Bd2 Rf5 34. Be3 Rh5 35. Kg1 Rg7 36. Bd2 Rf5 37. Raa1 Rgf7 38. Kh1 Rh5 39. Rb2 Rg7 40. Kg1 1/2-1/2

[Event "IECC Swiss-553.2"]
[Site "IECC email"]
[Date "2011.03.09"]
[Round "?"]
[White "Cave, John S"]
[Black "Maggiora, Aldo"]
[Result "0-1"]
[WhiteElo "1564"]
[BlackElo "1651"]
[PlyCount "50"]
[EventDate "2011.??.??"]
[EventType "swiss (corr)"]
[EventRounds "1"]
[SourceTitle "Telechess CBM 145"]
[Source "Chessbase"]
[SourceDate "2011.11.11"]
[SourceVersion "1"]
[SourceVersionDate "2011.11.11"]
[SourceQuality "1"]
[WhiteTeam "US of America"]
[BlackTeam "Italy"]
[WhiteTeamCountry "USA"]
[BlackTeamCountry "ITA"]

1. d4 Nf6 2. c4 e6 3. Nc3 Bb4 4. Qc2 0-0 5. Nf3 d5 6. e3 c5 7. dxc5 Bxc5 8. Bd3 Nc6 9. cxd5 Nb4 10. Qe2 b6 11. a3 Nxd3+ 12. Qxd3 Bb7 13. b4 Be7 14. Bb2 Nxd5 15. Nxd5 Bxd5 16. Qe2 Rc8 17. 0-0 Bc4 18. Qd2 Qxd2 19. Nxd2 Bxf1 20. Nxf1 Rc2 21. Bd4 Rd8 22. Ng3 f6 23. f4 e5 24. fxe5 fxe5 25. Bxe5 Rdd2 0-1

[Event "IECC CL4-2010.04 email"]
[Site "IECC email"]
[Date "2010.06.20"]
[Round "?"]
[White "Maggiora, Aldo"]
[Black "Basson, Heinrich"]
[Result "1/2-1/2"]
[WhiteElo "1664"]
[BlackElo "1672"]
[PlyCount "64"]
[EventDate "2010.??.??"]
[EventType "tourn (corr)"]
[EventRounds "4"]
[SourceTitle "Telechess CBM 149"]
[Source "ChessBase"]
[SourceDate "2012.07.17"]
[SourceVersion "1"]
[SourceVersionDate "2012.07.17"]
[SourceQuality "1"]
[WhiteTeam "Italy"]
[BlackTeam "South Africa"]
[WhiteTeamCountry "ITA"]
[BlackTeamCountry "RSA"]

1. e4 e5 2. Nf3 Nc6 3. d4 exd4 4. Bc4 Nf6 5. 0-0 d6 6. Nxd4 Nxd4 7. Qxd4 Be7 8. Nc3 0-0 9. Bf4 Re8 10. Rfe1 Be6 11. Bxe6 fxe6 12. Qc4 Bf8 13. Bg5 Qd7 14. e5 dxe5 15. Rxe5 Rad8 16. Rae1 Qf7 17. Bxf6 gxf6 18. Rxe6 Rxe6 19. Qg4+ Bg7 20. Rxe6 Rd2 21. Qe4 f5 22. Re8+ Bf8 23. Qa4 c6 24. Re2 b5 25. Qb3 Rd8 26. g3 a5 27. Re5 Qxb3 28. axb3 Rd2 29. Re2 Rd6 30. Kf1 Bg7 31. Re8+ Kf7 32. Rc8 Bh6 1/2-1/2

[Event "IECC CL4-2010.02 email"]
[Site "IECC email"]
[Date "2010.04.09"]
[Round "?"]
[White "Maggiora, Aldo"]
[Black "Johnson, Bernard S"]
[Result "1-0"]
[WhiteElo "1644"]
[BlackElo "1669"]
[PlyCount "55"]
[EventDate "2010.??.??"]
[EventType "tourn (corr)"]
[EventRounds "4"]
[SourceTitle "Corr 2013"]
[Source "ChessBase"]
[SourceDate "2012.11.12"]
[SourceVersion "1"]
[SourceVersionDate "2012.11.12"]
[SourceQuality "1"]
[WhiteTeam "Italy"]
[BlackTeam "US of America"]
[WhiteTeamCountry "ITA"]
[BlackTeamCountry "USA"]

1. e4 e5 2. Nf3 Nc6 3. d4 exd4 4. Bc4 Nf6 5. 0-0 Nxe4 6. Re1 d5 7. Bxd5 Qxd5 8. Nc3 Qa5 9. Nxe4 Be6 10. Bd2 Qd5 11. Bg5 h6 12. Bf6 Qa5 13. Nxd4 Nxd4 14. Qxd4 gxf6 15. Nxf6+ Ke7 16. Nd5+ Kd7 17. Nb6+ Kc6 18. Nxa8 Bg7 19. Qxg7 Rxa8 20. Qxh6 Qf5 21. Qg7 Qc5 22. Re3 Kb6 23. Rc3 Qd6 24. a4 Re8 25. h4 a6 26. h5 Ka7 27. h6 Kb8 28. h7 1-0

[Event "IECC CL4-2010.02 email"]
[Site "IECC email"]
[Date "2010.04.09"]
[Round "?"]
[White "Maggiora, Aldo"]
[Black "Lixa, Alberto JP"]
[Result "0-1"]
[WhiteElo "1651"]
[BlackElo "1721"]
[PlyCount "132"]
[EventDate "2010.??.??"]
[EventType "tourn (corr)"]
[EventRounds "4"]
[SourceTitle "Telechess CBM 149"]
[Source "ChessBase"]
[SourceDate "2012.07.17"]
[SourceVersion "1"]
[SourceVersionDate "2012.07.17"]
[SourceQuality "1"]
[WhiteTeam "Italy"]
[BlackTeam "Portugal"]
[WhiteTeamCountry "ITA"]
[BlackTeamCountry "POR"]

1. e4 c5 2. c3 Nf6 3. e5 Nd5 4. d4 cxd4 5. Nf3 Nc6 6. cxd4 d6 7. Bc4 e6 8. 0-0 Be7 9. Qe2 0-0 10. Nc3 Nxc3 11. bxc3 dxe5 12. dxe5 Qa5 13. Qe4 Qxc3 14. Bg5 Bxg5 15. Nxg5 g6 16. Nf3 Bd7 17. Rfc1 Qa3 18. Qh4 Ne7 19. Ng5 h5 20. Ne4 Nf5 21. Nf6+ Kh8 22. Qg5 Rfd8 23. Rab1 b6 24. Bb3 Rac8 25. Rxc8 Bxc8 26. Nxh5 Qf8 27. Nf4 Qe7 28. Qxe7 Nxe7 29. Rc1 Kg7 30. h4 Rd4 31. g3 a5 32. h5 g5 33. Nh3 Kh6 34. f4 gxf4 35. Nxf4 Bd7 36. Kf2 Nc6 37. Ke3 Rb4 38. Nd3 Rg4 39. Kf2 Rg5 40. Bd1 Nxe5 41. Nxe5 Rxe5 42. Rc7 Rd5 43. Bf3 Rd6 44. Ke3 e5 45. a3 f6 46. Rb7 f5 47. Be2 Kg5 48. Kf2 Be8 49. Rh7 Rh6 50. Rg7+ Kf6 51. Rb7 Bxh5 52. Rxb6+ Kg5 53. Rb5 Bxe2 54. Kxe2 e4 55. Rxa5 Rh2+ 56. Ke1 Kg4 57. Re5 Ra2 58. Ra5 Rg2 59. Re5 Rxg3 60. a4 Ra3 61. Ke2 Rxa4 62. Re7 Ra2+ 63. Ke3 f4+ 64. Kd4 Ra4+ 65. Kc3 e3 66. Kd3 Kf3 0-1

[Event "IECC KO-3075"]
[Site "IECC email"]
[Date "2010.02.16"]
[Round "?"]
[White "Duchene, Klaus"]
[Black "Maggiora, Aldo"]
[Result "1/2-1/2"]
[WhiteElo "1723"]
[BlackElo "1661"]
[PlyCount "75"]
[EventDate "2010.??.??"]
[EventType "match (corr)"]
[EventRounds "2"]
[SourceTitle "Telechess CBM 149"]
[Source "ChessBase"]
[SourceDate "2012.07.17"]
[SourceVersion "1"]
[SourceVersionDate "2012.07.17"]
[SourceQuality "1"]
[WhiteTeam "Germany"]
[BlackTeam "Italy"]
[WhiteTeamCountry "GER"]
[BlackTeamCountry "ITA"]

1. c4 e5 2. g3 Nf6 3. Bg2 c6 4. Nf3 e4 5. Nd4 d5 6. b3 dxc4 7. Bb2 Bc5 8. e3 Na6 9. bxc4 Nb4 10. 0-0 Nd3 11. Qb3 0-0 12. Na3 Nxb2 13. Qxb2 Qb6 14. Nb3 Qb4 15. Nc2 Qxc4 16. Ncd4 Bb4 17. Rac1 Qa6 18. Nc5 Ba3 19. Qb3 Qa5 20. Qc3 Qxc3 21. Rxc3 Bxc5 22. Rxc5 Bd7 23. Rc3 Rac8 24. Rfc1 Rfd8 25. a4 Bg4 26. a5 a6 27. Nb3 Rc7 28. R3c2 Re7 29. Nc5 Be2 30. Rb1 Bb5 31. Rb4 h5 32. Rcb2 Rde8 33. Rd4 Kf8 34. Rb1 g6 35. h4 Kg7 36. Rc1 Kh6 37. Bh1 Kh7 38. Bg2 1/2-1/2

[Event "IECC CL4-2010.01 email"]
[Site "IECC email"]
[Date "2010.02.02"]
[Round "?"]
[White "Maggiora, Aldo"]
[Black "Plunkett, Louis"]
[Result "1-0"]
[WhiteElo "1602"]
[BlackElo "1736"]
[PlyCount "51"]
[EventDate "2010.??.??"]
[EventType "tourn (corr)"]
[EventRounds "4"]
[SourceTitle "Telechess CBM 149"]
[Source "ChessBase"]
[SourceDate "2012.07.17"]
[SourceVersion "1"]
[SourceVersionDate "2012.07.17"]
[SourceQuality "1"]
[WhiteTeam "Italy"]
[BlackTeam "Ireland"]
[WhiteTeamCountry "ITA"]
[BlackTeamCountry "IRL"]

1. e4 c5 2. c3 Nf6 3. e5 Nd5 4. d4 cxd4 5. Nf3 d6 6. cxd4 Nc6 7. Bc4 e6 8. 0-0 Be7 9. Nc3 Nxc3 10. bxc3 d5 11. Bd3 a6 12. Ne1 Bd7 13. Qg4 g6 14. Nf3 b5 15. Qh3 Qa5 16. Bd2 Qa3 17. Rfb1 Na5 18. Qh6 Bf8 19. Qf4 Bg7 20. Be2 Rc8 21. c4 bxc4 22. Bb4 Qa4 23. Ng5 f5 24. exf6 Bh6 25. Qd6 Nc6 26. f7+ 1-0

[Event "LSS WC-2009-F-00011"]
[Site "LSS email"]
[Date "2009.11.03"]
[Round "?"]
[White "Maggiora, Aldo"]
[Black "Schalkwijk, Peter H"]
[Result "1/2-1/2"]
[WhiteElo "1478"]
[BlackElo "1524"]
[PlyCount "26"]
[EventDate "2009.11.08"]
[EventType "tourn (corr)"]
[EventRounds "10"]
[EventCountry "GER"]
[SourceTitle "Corr 2013"]
[Source "ChessBase"]
[SourceDate "2012.11.12"]
[SourceVersion "1"]
[SourceVersionDate "2012.11.12"]
[SourceQuality "1"]
[WhiteTeam "US of America"]
[BlackTeam "US of America"]
[WhiteTeamCountry "USA"]
[BlackTeamCountry "USA"]

1. e4 Nf6 2. e5 Nd5 3. c4 Nb6 4. d4 d6 5. Nf3 Bg4 6. exd6 exd6 7. Be2 c6 8. 0-0 Be7 9. b3 0-0 10. Nc3 N8d7 11. h3 Bh5 12. a4 Re8 13. a5 Nc8 1/2-1/2

[Event "IECC CL4-2009.04 email"]
[Site "IECC email"]
[Date "2009.06.01"]
[Round "?"]
[White "Maggiora, Aldo"]
[Black "Salazar Moran, Alejandro Fortunato"]
[Result "0-1"]
[WhiteElo "1643"]
[BlackElo "1673"]
[PlyCount "80"]
[EventDate "2009.??.??"]
[EventType "tourn (corr)"]
[EventRounds "4"]
[SourceTitle "Telechess CBM 137"]
[Source "ChessBase"]
[SourceDate "2010.07.15"]
[SourceVersion "1"]
[SourceVersionDate "2010.07.15"]
[SourceQuality "1"]
[WhiteTeam "Italy"]
[WhiteTeamCountry "ITA"]

1. e4 e5 2. Nf3 Nf6 3. d4 Nxe4 4. Bd3 d5 5. Nxe5 Bd6 6. 0-0 0-0 7. c4 c6 8. cxd5 cxd5 9. Nc3 Nxc3 10. bxc3 Qc7 11. Qh5 g6 12. Qf3 Qxc3 13. Bh6 Qxd4 14. Bxf8 Bxe5 15. Rac1 Be6 16. Bc5 Qh4 17. g3 Qd8 18. Qg2 Qd7 19. Rfd1 Nc6 20. f4 Bg7 21. Bb5 a6 22. Bc4 d4 23. Bxe6 Qxe6 24. Re1 Qd7 25. a4 d3 26. Red1 Rd8 27. Kh1 Qe6 28. Bb6 Rd7 29. Kg1 Qb3 30. a5 Bd4+ 31. Bxd4 Nxd4 32. Kf1 Re7 33. Rb1 Qc4 34. Rd2 Nb3 35. Rbd1 Re3 36. Qf2 Nxd2+ 37. Qxd2 Qe4 38. Qg2 Rf3+ 39. Kg1 Qe3+ 40. Kh1 Qe2 0-1

[Event "IECC CL4-2009.01 email"]
[Site "IECC email"]
[Date "2009.03.10"]
[Round "?"]
[White "Simak, Jaroslav"]
[Black "Maggiora, Aldo"]
[Result "1-0"]
[WhiteElo "1618"]
[BlackElo "1677"]
[PlyCount "93"]
[EventDate "2009.??.??"]
[EventType "tourn (corr)"]
[EventRounds "4"]
[SourceTitle "Corr 2011"]
[Source "ChessBase"]
[SourceDate "2010.08.31"]
[SourceVersion "1"]
[SourceVersionDate "2010.08.31"]
[SourceQuality "1"]
[WhiteTeam "Czech Republic"]
[BlackTeam "Italy"]
[WhiteTeamCountry "CZE"]
[BlackTeamCountry "ITA"]

1. e4 e6 2. d4 d5 3. Nc3 Bb4 4. e5 c5 5. a3 Bxc3+ 6. bxc3 Nc6 7. Qg4 g6 8. a4 c4 9. Nf3 Qa5 10. Bd2 Bd7 11. Be2 Nce7 12. h4 h6 13. 0-0 Nf5 14. h5 g5 15. Rfb1 Bc6 16. Ra3 b5 17. Nxg5 hxg5 18. Qxg5 Nge7 19. g4 Rg8 20. Qf4 Nc8 21. h6 Nce7 22. h7 Rh8 23. gxf5 Nxf5 24. Qg5 Kd7 25. Bg4 Ne7 26. Qh5 Ng6 27. Bg5 Rab8 28. Bf6 Rhe8 29. Qh6 b4 30. cxb4 Rxb4 31. Rxb4 Qxb4 32. Rf3 Qe1+ 33. Kg2 Qe4 34. Kg3 Bxa4 35. h8Q Nxh8 36. Bxh8 Qg6 37. Qxg6 fxg6 38. Rf7+ Kc6 39. Rxa7 Bxc2 40. Bf6 Kb6 41. Re7 Rxe7 42. Bxe7 Bf5 43. Bxf5 exf5 44. Kf4 Kc7 45. Kg5 Kd7 46. Bb4 Ke6 47. Kxg6 1-0

[Event "IECC CL4-2009.02 email"]
[Site "IECC email"]
[Date "2009.02.28"]
[Round "?"]
[White "Maggiora, Aldo"]
[Black "Johnson, Bernard S"]
[Result "0-1"]
[WhiteElo "1672"]
[BlackElo "1744"]
[PlyCount "94"]
[EventDate "2009.??.??"]
[EventType "tourn (corr)"]
[EventRounds "4"]
[SourceTitle "Corr 2011"]
[Source "ChessBase"]
[SourceDate "2010.08.31"]
[SourceVersion "1"]
[SourceVersionDate "2010.08.31"]
[SourceQuality "1"]
[WhiteTeam "Italy"]
[BlackTeam "US of America"]
[WhiteTeamCountry "ITA"]
[BlackTeamCountry "USA"]

1. e4 c5 2. c3 Nf6 3. e5 Nd5 4. d4 cxd4 5. Nf3 Nc6 6. cxd4 d6 7. Bc4 Nb6 8. Bb5 dxe5 9. Nxe5 Bd7 10. Nxd7 Qxd7 11. Nc3 e6 12. 0-0 Be7 13. Qg4 0-0 14. Bxc6 bxc6 15. Bh6 Bf6 16. Rfd1 Rfd8 17. Ne4 Bxd4 18. Be3 f5 19. Qh4 e5 20. Ng5 h6 21. Nf3 c5 22. Nxe5 Qd6 23. Bxd4 cxd4 24. Qg3 Nd5 25. Nf3 Nf4 26. Rd2 d3 27. Kf1 Rac8 28. Ne1 Rc4 29. Qf3 Re4 30. Rad1 Qd5 31. b3 g5 32. h3 a5 33. a4 Kh8 34. Kg1 g4 35. Qxf4 Rxf4 36. Rxd3 Rd4 37. Rxd4 Qxd4 38. Rxd4 Rxd4 39. hxg4 Rd1 40. Kf1 fxg4 41. Ke2 Rb1 42. Nd3 Rxb3 43. Nc5 Rb4 44. Kd3 h5 45. g3 Kg7 46. Kc3 Kf6 47. Kd3 Ke7 0-1